[Event "Nairobi Capablanca Cup 6th"]
[Site "Nairobi"]
[Date "2016.02.21"]
[Round "4"]
[White "Joseph, Kirega"]
[Black "Evans, Sinoya"]
[Result "1/2-1/2"]
[WhiteElo "1251"]
[BlackElo "1735"]
[PlyCount "83"]
[EventDate "2016.02.20"]
[EventType "swiss"]
[EventRounds "6"]
[EventCountry "KEN"]
[SourceTitle "CBM 171 Extra"]
[Source "ChessBase"]
[SourceDate "2016.04.26"]
[SourceVersion "1"]
[SourceVersionDate "2016.04.26"]
[SourceQuality "1"]

1. c4 Nf6 2. g3 g6 3. Bg2 Bg7 4. Nf3 c5 5. 0-0 0-0 6. Nc3 Nc6 7. a3 a5 8. d3 d6 9. Bd2 Re8 10. Rb1 Bg4 11. h3 Bxf3 12. Bxf3 Qd7 13. Bg2 Rab8 14. e3 b6 15. Kh2 e6 16. Qa4 Ne5 17. Qc2 d5 18. cxd5 exd5 19. d4 cxd4 20. exd4 Nc4 21. Bg5 Rbc8 22. Bxf6 Bxf6 23. Nxd5 Bh8 24. Qd3 Qe6 25. Rfe1 Qxe1 26. Rxe1 Rxe1 27. Qc3 Ree8 28. b3 Nd6 29. Qd3 b5 30. Ne3 h6 31. a4 Rb8 32. Bc6 Red8 33. d5 bxa4 34. Bxa4 Nb7 35. Qd2 Be5 36. Ng4 Bg7 37. Nxh6+ Bxh6 38. Qxh6 Rxd5 39. Qf4 Rdd8 40. Bc6 Nc5 41. Bd5 Rf8 42. Qh6 1/2-1/2